Opravné prostriedky v daňovom konaní

V daňovom konaní pozná zákon o správe daní riadne opravné prostriedky, ktorými sú odvolanie, sťažnosť, námietka a reklamácia a mimoriadne opravné prostriedky, ktorými sú obnova konania, preskúmanie rozhodnutia mimo odvolacieho konania a opravy zrejmých omylov a nesprávností. Výber a postup pri využi...

ver descrição completa

Na minha lista:
Detalhes bibliográficos
Autor principal: Hlaváčová, Jana
Formato: Capítulo de Livro
Idioma:eslovaco
Assuntos:
Tags: Adicionar Tag
Sem tags, seja o primeiro a adicionar uma tag!

MARC

LEADER 00000naa$a2200000$$$4500
001 0024024
005 20230919094849.9
041 0 |a slo 
044 |a SK 
245 1 0 |a Opravné prostriedky v daňovom konaní  |c Jana Hlaváčová 
520 |a V daňovom konaní pozná zákon o správe daní riadne opravné prostriedky, ktorými sú odvolanie, sťažnosť, námietka a reklamácia a mimoriadne opravné prostriedky, ktorými sú obnova konania, preskúmanie rozhodnutia mimo odvolacieho konania a opravy zrejmých omylov a nesprávností. Výber a postup pri využití jednotlivých opravných prostriedkov. Praktické príklady. 
610 2 0 |a dane 
610 2 0 |a konanie daňové 
610 2 0 |a prostriedky opravné 
610 2 0 |a povinnosť daňová 
610 2 0 |a správa daňová 
610 2 0 |a úrady daňové 
610 2 0 |a daňovníci 
610 2 0 |a zákony 
610 2 0 |a Slovensko 
100 1 |a Hlaváčová, Jana